[Event "Nanjing Pearl Spring 3rd"]
[Site "Nanjing"]
[Date "2010.10.20"]
[Round "1"]
[White "Carlsen, Magnus"]
[Black "Bacrot, Etienne"]
[Result "1-0"]
[WhiteElo "2826"]
[BlackElo "2716"]
[Annotator "Edouard,Romain"]
[PlyCount "75"]
[EventDate "2010.10.20"]
[EventType "tourn"]
[EventRounds "10"]
[EventCountry "CHN"]
[EventCategory "21"]
[SourceTitle "CBM 139"]
[Source "ChessBase"]
[SourceDate "2010.11.18"]
[SourceVersion "1"]
[SourceVersionDate "2010.11.18"]
[SourceQuality "1"]
[TimeControl "40/7200:20/3600:900+30"]

1. e4 e5 2. Nf3 Nc6 3. d4 exd4 4. Nxd4 Bc5 5. Nb3 Bb6 6. Nc3 Nf6 7. Qe2 O-O {A rare move, but once played by Anand! To be honest, I just don't like this line for Black.} (7... d6 {is more common.}) 8. Bg5 h6 9. Bh4 $1 $146 (9. h4 d6 10. f3 hxg5 11. hxg5 Ng4 12. fxg4 Qxg5 13. Qf3 Bxg4 14. Qg3 Ne5 15. Be2 f5 16. exf5 Qxf5 17. O-O-O Bxe2 18. Nxe2 Qf2 19. Qh2 Qxe2 20. Qh8+ Kf7 21. Rdf1+ Bf2 22. Qh7 Ke6 23. Kb1 Qg4 {0-1 Rublevsky,S (2649)-Anand,V (2781)/Bastia 2004}) 9... a5 10. a4 Nd4 {Not forced, but attractive. But I am not sure that other continuations are easier to play.} ({I checked the following line briefly:} 10... Re8 11. O-O-O d6 12. f3 $5 Be6 13. g4 Bxb3 (13... Ne5 14. Nd4 $16) 14. cxb3 Nd4 15. Qg2 $5 Nxb3+ 16. Kb1 Nd4 17. Bc4 c6 18. g5 hxg5 19. Bxg5 {nad and Black will face a decisive attack.}) 11. Qd3 Nxb3 12. cxb3 Re8 ({RR} 12... c6 13. O-O-O d5 14. exd5 cxd5 15. Nxd5 g5 16. Bg3 Be6 17. Nxb6 Qxb6 18. Qb5 Rac8+ 19. Kb1 Qxb5 20. Bxb5 Bxb3 21. Rd6 Ne4 22. Rxh6 Rc2 23. Bd3 Nxg3 24. hxg3 Rd2 25. R6h5 Kg7 26. Rxg5+ Kf6 27. Rf5+ {Wang,H (2698)-Malakhov,V (2722) Danzhou 2017 ½-½}) 13. O-O-O {From there Etienne started to spend a lot of time for each move. But here I already prefer White even if Black's position shouldn't be a desaster at all.} d6 ({RR} 13... c6 14. f4 d6 15. Qc2 Be6 16. Kb1 g5 17. fxg5 Nh7 18. e5 hxg5 19. Rxd6 Qe7 20. Bd3 Nf8 21. Bg3 Bc7 22. Ne4 {1-0 (22) Turzo,A (2254)-Osinovsky,S (2240) chess.com INT 2025}) 14. Qc2 $1 {White wants to go c4, and at the same time allow some combinations with e5.} Bd7 $146 {I guess the idea for this move is to wait for c4 and go ...e6, without playing ...c6, weaknessing the d6-pawn. That's why 15.b1!? could be clever. But it looks like 15.c4 is almost winning by force.} (14... c6 15. Bc4 Qe7 {ought to be a better defense. Somehow, I feel like White should be at least slightly better. But things are far from easy, for instance:} 16. Rhe1 Be6 17. Nd5 $5 (17. f3 Bxc4 18. bxc4 Qe6 {followed by ...d7, and Black should have no problem.}) 17... cxd5 18. exd5 g5 $1 19. Bg3 Nxd5 20. Rxd5 Bc5 21. Rxc5 dxc5 22. Rxe6 fxe6 23. Qg6+ Qg7 24. Bxe6+ Rxe6 25. Qxe6+ Kh7 $11) ({RR} 14... Be6 15. Bc4 Qd7 16. Bxf6 gxf6 17. Rhe1 Bxc4 18. bxc4 {1-0 (18) Gonzalez Hernandez,F (2049)-Panella Navarro,S (2122) Vila Seca 2012}) ({RR} 14... Be6 15. Bc4 Qe7 16. Kb1 g5 17. Bg3 Bxc4 18. bxc4 Nxe4 19. Nd5 Qe6 20. Rhe1 Qg6 21. f3 Nxg3 22. Qxg6+ fxg6 23. Nf6+ Kf7 24. Nxe8 Nf5 25. c5 Bxc5 26. Nxc7 Rc8 27. Nb5 Rd8 28. Rd3 b6 29. Red1 {Mirzoyan,S (1203)-Makshanov,M (1753) St Petersburg 2019 ½-½ (48)}) 15. Bc4 Be6 16. Rhe1 Qe7 17. e5 $1 dxe5 18. Rxe5 {White is threatening d5. From now Etienne play kind of all best defensive moves. But it is not enough to hold this tough position against Carlsen.} Qf8 $8 19. Bxf6 gxf6 20. Re2 $16 Qg7 21. Bxe6 $1 Rxe6 22. Rxe6 fxe6 23. Rd3 Kh8 24. Rg3 Qh7 25. Qd2 Bc5 $8 26. Ne4 Be7 27. Rh3 Kg7 (27... Rd8 28. Rxh6 Rxd2 29. Rxh7+ Kxh7 30. Kxd2 $18) 28. Qd7 $18 Kf7 29. Ng5+ $5 (29. Nxf6 $5 Kxf6 30. Rf3+ $18) 29... fxg5 30. Rf3+ Kg8 31. Qxe6+ Kh8 32. Rf7 Bd6 33. Rxh7+ Kxh7 34. Qf7+ Kh8 35. g3 Ra6 36. Kb1 Bb4 37. f4 gxf4 38. gxf4 1-0

[Event "Nanjing Pearl Spring 3rd"]
[Site "Nanjing"]
[Date "2010.10.21"]
[Round "2"]
[White "Anand, Viswanathan"]
[Black "Carlsen, Magnus"]
[Result "1/2-1/2"]
[WhiteElo "2800"]
[BlackElo "2826"]
[Annotator "Giri,Anish"]
[PlyCount "87"]
[EventDate "2010.10.20"]
[EventType "tourn"]
[EventRounds "10"]
[EventCountry "CHN"]
[EventCategory "21"]
[SourceTitle "CBM 139"]
[Source "ChessBase"]
[SourceDate "2010.11.18"]
[SourceVersion "1"]
[SourceVersionDate "2010.11.18"]
[SourceQuality "1"]

1. e4 {After the World Championship, Anand seems to be listening to Fischer, who a long time ago anounced that the best move was 1.e4!} e5 {No Dragons, no Najdorfs, Carlsen is still faithful to the Breyer Defense, that remained uncracked since his last tournament in Bilbao.} 2. Nf3 Nc6 3. Bb5 a6 4. Ba4 Nf6 5. O-O Be7 6. Re1 b5 7. Bb3 d6 8. c3 O-O 9. h3 Nb8 {As promised: Breyer. Since my early childhood I always liked this knight maneuvre. Nowadays this variation is pretty popular and with Carlsen fighting for the black side, I am afraid the popularity of the line will only increase.} 10. d4 Nbd7 11. Nbd2 Bb7 12. Bc2 Re8 ({the rare} 12... c5 {was tried by Carlsen once in a rapid game against Jan Smeets. He managed to win the game, but I doubt that the opening had something to do with the result.}) 13. a4 ({Earlier the main move was} 13. Nf1 {having in mind the typical Spanish maneuvre. However, nowadays not everybody is convinced that this is the way to play.} Bf8 14. Ng3 g6) 13... Bf8 14. Bd3 c6 15. b4 ({Statistically the main move is} 15. b3 {and it was successfully played by Anand a few times last year. However objectively it's hard for White to prove his advantage.}) 15... Nb6 {Forcing White to take on b5 (or play a5, which is considered to be an achievement for Black), underlining the disadvantage of White's last move.} ({RR} 15... g6 16. Bb2 Bg7 17. Qb3 Rc8 18. axb5 axb5 19. Ra7 Qb6 20. Rea1 d5 21. dxe5 Nxe4 22. Bxe4 dxe4 23. Nxe4 c5 24. bxc5 Nxc5 25. Nxc5 Rxc5 26. Ng5 Bd5 27. Qb4 Rc4 28. Qd6 Qxd6 29. exd6 Rd8 30. d7) 16. axb5 {#So far Magnus has already had the position three times, two of them against Vishy.} ({RR} 16. a5 Nbd7 17. Bb2 Qc7 18. c4 ({RR} 18. Rc1 Rad8 ({RR} 18... d5 19. exd5 cxd5 20. dxe5 Nxe5 21. Rxe5 Rxe5 22. c4 Ree8 23. cxb5 Qf4 24. bxa6 Rxa6 25. Bxa6 Bxa6 26. Bxf6 gxf6 27. Qb3 Be2 28. Rb1 d4 29. b5 Bc5 30. Qd5) 19. c4 Qb8 20. Qb3 h6 21. Bb1 exd4 22. cxb5 cxb5 23. Ba2 d5 24. Bxd4 Bd6 25. Nh4 Bh2+ 26. Kh1 Bf4 27. Nhf3 Re6 28. exd5 Bxd5) 18... bxc4 19. Bxc4 exd4 20. Qb3 d5 21. exd5 cxd5 22. Bd3 Ne4 23. Bxd4 Qd6 24. Reb1 Rab8 25. Qd1 Bc6 26. Bxa6 Rxb4 27. Bd3 Qf4 28. Be3 Qf6 29. Qc2 Ndc5 30. Rxb4 Qxa1+ {Daggupati,B (2460)-Fus,J (2430) Richardson USA 2025 ½-½ (49)}) 16... axb5 {The main move, but sort of a surprise!} (16... cxb5 17. d5 Rc8 {was discussed in Shirov-Carlsen and Anand-Carlsen in Bilbao. In fact it seemed that both times Carlsen had no opening problems. I think this time he decided to fight his curiousity and go for the solid axb5.}) 17. Rxa8 Qxa8 $5 {finally a real surprise} (17... Bxa8 {was played in yet another Anand-Carlsen in Arctic rapid 2010.}) ({RR} 17... Bxa8 18. Nb3 Bb7 19. dxe5 dxe5 20. Be3 Bc8 21. Qc2 Qc7 22. Na5 Bd7 23. Rc1 h6 24. Nd2 Na4 25. Ndb3 Rb8 26. Ra1 c5 27. bxc5 Nxc5 28. Nxc5 {½-½ (28) Anand,V (2800)-Carlsen,M (2826) Kristiansund 2010}) ({RR} 17... Bxa8 18. Nb3 Bb7 19. dxe5 dxe5 20. Be3 Bc8 21. Qc2 Qc7 22. Na5 Bd7 23. Rc1 h6 24. Nd2 Na4 25. Ndb3 Rb8 26. Ra1 c5 27. bxc5 Nxc5 28. Nxc5) 18. Nb3 Nc4 $146 {A new move, with the idea to take back on e5 with a piece and thus keeping the options of d5 and c5.} ({RR} 18... Na4 19. Qc2 h6 20. Na5 exd4 21. Nxd4 Nc5 22. Nxb7 Nxd3 23. Qxd3 Qxb7 24. Bf4 d5 25. e5 Ne4 26. Rb1 Be7 27. f3 Ng5 28. Bxg5 Bxg5 29. g3 Ra8 30. f4 Bd8 31. Rf1 Bb6 32. Kh1 Ra2 33. f5 {Jones,W (2115)-Nixon,R (2035) England 2011 1-0 (46)}) ({RR} 18... h6 19. dxe5 dxe5 20. Qc2 Bc8 21. Be3 Qb8 22. Ra1 Na4 23. Bd2 Bd7 24. c4 c5 25. cxb5 Bxb5 {½-½ (25) Zinchenko,Y (2497)-Tarlev,K (2472) Odessa 2007}) 19. dxe5 {Good move - it's hard to see what else White could do.} Nxe5 20. Nxe5 Rxe5 {Black did take on e5 with piece, and he did keep option of d5 and c5, but still I have the feeling he may be slightly under pressure.} 21. f3 Re8 22. Be3 Bc8 {both sides are simply trying to improve their pieces.} 23. Bf2 Be6 24. Nd4 Bd7 25. Qd2 Qb8 26. Bf1 h6 27. Ra1 Qb7 28. Ra5 {Here it seemed as if White was about to get something real with a2 in the air, but Black is just in time with the counterstrike.} ({White could have tried} 28. Nb3 $5 {Now Black has to prevent a7} Ra8 {and the key move} (28... Qb8 $5 {with the idea} 29. Ra7 c5) 29. Ra5 $5 {White intends a2, and then to take on a5 with the pawn, which leads to a strategically very complicated position, but I believe Black should be able to hold the a-pawn, e.g.} Rxa5 30. bxa5 $5 Qa6 31. Bb6 Be8 $1 {or any other bishop move, intending d7, should be fine for Black. So all in all I believe Black should always have enough counterplay in this line.}) 28... d5 $1 (28... Ra8 29. Qa2 Rxa5 30. bxa5 Qa6 31. c4) 29. exd5 Nxd5 30. Nb3 Be6 31. Nc5 Bxc5 32. Bxc5 {Here, too, it seemed to me that White has the advantage, but in fact Black is very solid and with strong play Carlsen easily managed to equalize.} Rd8 33. Ra1 Qb8 34. Rd1 Qg3 $1 {It's always nice to annoy the king of World Champion, at least a little bit.} 35. Bf2 Qe5 36. c4 bxc4 37. Bxc4 Rd7 38. Bxd5 {Black equalized, so it's time to fix the result.} Rxd5 39. Qe1 Qxe1+ 40. Rxe1 Rd2 41. Bc5 Kh7 42. Rf1 $1 {A strong "Sofia rule" plan.} Bc4 43. Rf2 Rxf2 44. Kxf2 1/2-1/2

[Event "Nanjing Pearl Spring 3rd"]
[Site "Nanjing"]
[Date "2010.10.22"]
[Round "3"]
[White "Carlsen, Magnus"]
[Black "Wang, Yue"]
[Result "1-0"]
[WhiteElo "2826"]
[BlackElo "2732"]
[Annotator "Giri,Anish"]
[PlyCount "75"]
[EventDate "2010.10.20"]
[EventType "tourn"]
[EventRounds "10"]
[EventCountry "CHN"]
[EventCategory "21"]
[SourceTitle "CBM 139"]
[Source "ChessBase"]
[SourceDate "2010.11.18"]
[SourceVersion "1"]
[SourceVersionDate "2010.11.18"]
[SourceQuality "1"]

1. e4 e5 {Everybody still remembers the King's Gambit game that Carlsen won, and I think there is no doubt Magnus wants to keep his 100% score there, so...} 2. Nf3 $1 Nf6 {Wang has a very solid repertoire and Petroff is an essential part of it.} 3. d4 Nxe4 4. Bd3 d5 5. Nxe5 Nd7 6. Nxd7 Bxd7 7. O-O Bd6 (7... Qh4 $5 {has lost its popularity nowadays, though my Dutch teammate Jan Smeets (I am still in Olympiad mode...) tried it against Tiviakov in Corus 2010.}) 8. Qh5 $5 {Interesting try, that took the Chinese super-GM by surprise. Strangely, though, since the move is relatively well known...} ({Statistically the main move} 8. c4 {is normally chosen in order to force a draw}) 8... Nf6 {The d-pawn was attacked, but now} 9. Re1+ {The point. Now Black has a choice} Kf8 {Strange looking, but main. Black trusts his better development and hopes it will compensate for the uncomfortable position of the king. After this game though, I think this trust may be weakened.} (9... Be7 {is more solid, but still, life is not so easy after let's say} 10. Qe2 Be6 11. Nd2 O-O 12. Nf3 Re8 13. Ne5 Nd7 14. f4 Nxe5 15. dxe5 {and Tiviakov got some (practical) advantage against Socko this year. In the game Black managed to escape.}) 10. Qe2 $1 (10. Qh4 {is played more often, but Black has a simple way to equalize:} Ng4 $1 {and White has to change the queens. The arising endgame is deadly equal.}) 10... Ng4 {Perhaps this logical move, which was also considered to be main, is a bit over-optimistic after all..} ({The solid} 10... c6 $5 {deserves attention and should be studied by those who are interested. Still after the critical} 11. Nd2 Qc7 12. Nf3 Bg4 13. Qe3 $1 Bxf3 14. Qxf3 Bxh2+ 15. Kf1 Bd6 16. Bg5 {played twice by Sutovsky - maybe not without reason... Life isn't that simple.}) 11. h3 Qh4 12. Qf3 Bh2+ (12... Nf6 {is main and more solid, but I believe after} 13. Nc3 c6 14. Ne2 {Black has no attack, but a little bit uncomfortable king, so White should be slightly better with no risk.}) 13. Kf1 Nxf2 {The whole operation is conducted in the spirit of the position, with the white queenside still undevelopped, but in fact the black pieces are also not perfect with the rook on h8 and the king on f8, eager to swap places.} 14. Qxf2 Bg3 15. Qd2 Qf6+ 16. Kg1 Bxe1 17. Qxe1 Qxd4+ 18. Kh2 Re8 $146 ({RR} 18... f6 19. Nc3 Kf7 20. Qg3 c6 21. Be3 Qe5 22. Bf4 Qh5 23. Rf1 Rhe8 24. Bd6 Re6 25. Rf5 Qg6 26. Qf4 Rxd6 27. Rxd5 Rxd5 28. Bxg6+ Kxg6 29. Nxd5 cxd5 30. Qg3+ Kh6 31. Qe3+ Kg6 32. Qd3+ Bf5 33. Qxd5 {Can,E (2460)-Yaksin,O (2307) Gaziantep 2008 1-0 (38)}) 19. Qg3 Qe5 {Leads to a lost endgame, which though at first sight seems interesting for Black. However there was already no way back, because if White develops, the position is just lost for Black.} 20. Qxe5 Rxe5 21. Bf4 $1 {I was about to write "fearless Magnus", but I think "well prepared Magnus" is more appropriate here.} Re1 22. Bxc7 {Here I first thought that the computer doesn't understand that his queenside is stuck, but then I realized that in fact the threat is a5-d2 followed by e2 kicking out or winning the rook.} a6 {Only try. Black wants to change the potentially dangerous d3 bishop, but White has a logical antidote:} 23. Ba5 Rd1 24. a4 $1 {Now there is nothing Black can do against d2, followed by e2, or} Ke7 25. Bd2 Rc8 26. c3 $1 {With idea c2! Now Black is clearly lost and the rest is easy.} d4 27. c4 g6 28. Be2 Bxa4 29. Bb4+ Ke6 30. Bxd1 Bxd1 31. Nd2 Be2 32. b3 f5 33. Kg3 Rd8 34. Kf2 d3 35. Bc3 Kf7 36. Nf3 f4 37. Ng5+ Kg8 38. Ne6 1-0

[Event "Nanjing Pearl Spring 3rd"]
[Site "Nanjing"]
[Date "2010.10.23"]
[Round "4"]
[White "Gashimov, Vugar"]
[Black "Carlsen, Magnus"]
[Result "1/2-1/2"]
[WhiteElo "2719"]
[BlackElo "2826"]
[Annotator "Giri,Anish"]
[PlyCount "150"]
[EventDate "2010.10.20"]
[EventType "tourn"]
[EventRounds "10"]
[EventCountry "CHN"]
[EventCategory "21"]
[SourceTitle "CBM 139"]
[Source "ChessBase"]
[SourceDate "2010.11.18"]
[SourceVersion "1"]
[SourceVersionDate "2010.11.18"]
[SourceQuality "1"]

1. e4 e5 2. Nf3 Nc6 3. Bb5 a6 4. Ba4 Nf6 5. O-O Be7 6. Re1 b5 7. Bb3 d6 8. c3 O-O 9. h3 Nb8 {Breyer - no surprises. Magnus sticks to his main weapon.} 10. d4 Nbd7 11. Nbd2 Bb7 12. Bc2 Re8 13. Nf1 Bf8 14. Bg5 $5 {Interesting try, that was already employed by Gashimov earlier a few times. So not a surprise for Magnus. To be honest I always found this move to look a bit artificial, but ok, it's hard to find any advantage in the main lines. So why not.} h6 15. Bh4 Be7 {Black wants to neutralise the psychological pressure (bishop h4-queen d8) and to one day exchange the bishop on h4 for the passive one on e7 (f8).} 16. Ng3 $5 {A new try by Gashimov. At the Olympiad in Khanty, Kasimdzhanov tried 16. a4 and Vachier Lagrave 16.g3.} g6 {A solid and logical move. Black is covering f6 and preparing ...g7 followed by ...h7.} (16... g5 {is obviously too risky without preparation - and probably also with it. White has compensation after all three possibilities and it wasn't a surprise that Magnus decided to play it safe.} 17. Nf5 $5 (17. Nxg5 $5) (17. Bxg5 $5)) 17. Qd2 Kg7 18. Rad1 {Simply centralizing - why not?} Nh7 {as promissed black exchanges the bishop.} 19. Bxe7 Qxe7 20. dxe5 $146 {It is logical to take now, since Black can't recapture with the pawn due to the hanging knight on d7.} ({The favourite Kasparov method:} 20. h4 $5 {deserves some attention, though I don't think the pawn alone can trouble black king so much. For example} Nhf6 (20... h5 {is weakening the g5 square for later.}) 21. h5 {and White is sort of having some pressure on g6, but I think without the dark squared bishop it is really hard to create any attack.}) ({RR} 20. h4 h5 21. b3 Rad8 22. c4 Ndf6 23. Ng5 Ng4 24. f3 Ngf6 25. cxb5 axb5 26. a4 bxa4 27. bxa4 Ra8 28. Bb3 Rf8 29. f4 Ng4 30. f5 exd4 31. fxg6 Nxg5 32. Nf5+ Kf6 33. Qxg5+ {1-0 (33) Gajwa,A (2245)-Islam,K (2161) chess.com INT 2024}) ({RR} 20. h4 h5 21. b3 Rad8 22. c4 Ndf6 23. Ng5 Ng4 24. f3 Ngf6 25. cxb5 axb5 26. a4 bxa4 27. bxa4 Ra8 28. Bb3 Rf8 29. f4 Ng4 30. f5 exd4 31. fxg6 Nxg5 32. Nf5+ Kf6 33. Qxg5+ {1-0 (33) Gajwa,A (2245)-Islam,K (2161) chess.com INT 2024}) 20... Nxe5 21. Nd4 Qg5 $5 {Carlsen chooses the most logical way to defend against f5+. But it allows a tactical blow, which should have not lead to any advantage, had Magnus reacted correctly.} (21... Nc4 $5 {Was a recipe for those who don't want to calculate any lines.} 22. Qe2 Qg5 {and Black is fine.}) 22. Ngf5+ $1 gxf5 23. f4 Nc4 $2 {It's a bit surprising to me that Magnus didn't play the best continuation, since this one leads to a distasteful position for Black in many ways. True it wasn't easy to calculate all the lines after ...f3+!, but I can tell you that a player like Magnus could have easily done it.} (23... Nf3+ $1 24. Nxf3 Qh5 {Now White has several ways to continue, and even though it looks promising, objectively Black is not even any worse.} 25. Qd4+ (25. Nd4 $5 Bxe4 (25... fxe4 26. Re3) 26. c4 $5 Nf6 27. cxb5 Kh7) 25... Nf6 $1 26. e5 Bxf3 27. exf6+ Kh8 28. Rxe8+ Rxe8) 24. fxg5 Nxd2 25. Nxf5+ (25. gxh6+ $5 Kg8 26. Rxd2 fxe4 27. Rf2 {was also quite promising, but the way Gashimov played is the most human, and it is also pretty good.}) 25... Kf8 26. Rxd2 hxg5 27. e5 $5 (27. Rf2 $5 {was also possible, keeping e5 for later.}) 27... Nf6 $1 {Magnus is doing his best in this difficult position, but Gashimov keeps on playing forcefully.} 28. Rf1 $1 Rxe5 29. Nxd6 $1 Rd8 30. Rxf6 cxd6 {Now we get a static endgame that is extremely unpleasant for Black. The problem is that basically whatever White does he always keeps up the pressure and has the better position.} 31. Bb3 Rd7 32. Kf2 d5 33. Rf3 Kg7 34. Rfd3 Rd6 35. Bd1 Bc8 36. Bf3 Be6 {Both players are manoeuvring...} 37. Rd4 Kf6 38. a4 $1 {Now it's time for White to touch the b-pawn.} bxa4 $1 {better a then b.} 39. Rxa4 Rb6 40. Be2 Bc8 41. Ra2 Bb7 42. Ra4 Re4 43. Ra3 Re5 44. b4 Rc6 45. Rd4 Kg7 46. Bf3 Rf6 47. Rd3 Rf4 48. Ra5 Rc4 {Magnus seems to be active, but Gashimov again finds a good reply:} 49. Rc5 $1 {Not reacting to any provocations. Taking the pawn would probably lead to a drawn rook endgame.} (49. Bxd5 $2 Bxd5 50. Raxd5 Rxd5 51. Rxd5 Rxc3 52. Rxg5+ Kf8 53. Ra5 Rc4 $1 54. Ra4 a5 $1 {Liquidating to a drawn rook ending (White can press here of course).}) 49... Rxc5 50. bxc5 Re6 (50... Re7 {immediately seems more precise to me.}) 51. Rd2 $1 {Transfering the rook and again wisely not taking the pawn.} (51. Bxd5 $2 Bxd5 52. Rxd5 Kf6 {and Black seems to be doing fine.}) 51... Re7 52. Rb2 (52. Bxd5 {Now was maybe the best chance.} Bxd5 53. Rxd5 Kf6 54. c6 Rc7 55. Rc5 {with good winning chances, which also means good drawing ons. Black's problem here is that he can't just come over with king and take on c6, since after that White will go g3 and h4, creating a second passed pawn. However all of these things depend on tempos... Ah, those rook endgames!}) 52... Bc8 53. Bxd5 {White has finally won a pawn, but now under favourable conditions. Gashimov's patience was rewarded!} Re5 54. c4 Be6 $1 {Magnus is doing all he can and I am still not sure about the final evaluation of this position!} 55. c6 $5 (55. Rd2 Kf6 56. c6 Ke7 {is also not easy for White.}) 55... Bxd5 56. cxd5 Rxd5 57. Rc2 Rd8 58. c7 (58. Ra2 Rd3 $1 59. Rxa6 Rc3 {and it seems that Black is holding.}) 58... Rc8 59. Ke3 Kf6 60. g3 a5 61. Kd4 Ke6 $1 {Now Black is just in time in all the lines. These guys with 2800 are very often lucky. So in the end it's hard to come to a conclusion about the endgame. Both players played quite well. Black always seemed to be on the edge, but it was never easy and clear.} 62. h4 gxh4 63. gxh4 a4 64. h5 a3 65. h6 a2 66. Rxa2 Rxc7 67. Ra6+ Kf5 68. h7 Rc8 69. Rh6 Rh8 70. Rh1 Kg6 71. Ke5 {Setting a trap, though at top GM level it is not really setting a trap, but more like making a joke.} Re8+ (71... Rxh7 $4 72. Rg1+ {and this unique position is won!}) 72. Kf4 Kg7 73. Kf5 Rh8 74. Rg1+ Kf8 75. Rh1 Kg7 1/2-1/2